De Smith's judicial review / (Record no. 480)

000 -LEADER
fixed length control field 01281cam a22003374a 4500
001 - CONTROL NUMBER
control field 15166609
003 - CONTROL NUMBER IDENTIFIER
control field OSt
005 - DATE AND TIME OF LATEST TRANSACTION
control field 20140116120829.0
008 - FIXED-LENGTH DATA ELEMENTS--GENERAL INFORMATION
fixed length control field 080204s2007 enk b 001 0 eng
010 ## - LIBRARY OF CONGRESS CONTROL NUMBER
LC control number 2008360530
020 ## - INTERNATIONAL STANDARD BOOK NUMBER
International Standard Book Number 9780421690301
040 ## - CATALOGING SOURCE
Transcribing agency DLC
Modifying agency DLC
043 ## - GEOGRAPHIC AREA CODE
Geographic area code e-uk---
050 00 - LIBRARY OF CONGRESS CALL NUMBER
Classification number KD4902.D47 2007
100 1# - MAIN ENTRY--PERSONAL NAME
Personal name De Smith, S. A.
Fuller form of name (Stanley A.)
245 10 - TITLE STATEMENT
Title De Smith's judicial review /
Statement of responsibility, etc Lord Woolf, Jeffrey Jowell, Andrew Le Sueur
246 30 - VARYING FORM OF TITLE
Title proper/short title Judicial review
250 ## - EDITION STATEMENT
Edition statement 6th ed.
260 ## - PUBLICATION, DISTRIBUTION, ETC. (IMPRINT)
Place of publication, distribution, etc London :
Name of publisher, distributor, etc Sweet & Maxwell,
Date of publication, distribution, etc 2007.
300 ## - PHYSICAL DESCRIPTION
Extent ccxxxvi, 1098 p.
504 ## - BIBLIOGRAPHY, ETC. NOTE
Bibliography, etc Includes bibliographical references and index.
520 ## - SUMMARY, ETC.
Summary, etc This title may be have a supplemental service whereas subscription order will be needed for the supplements. upon receipt supplements to be checked-in HRec for corresponding editions.
650 #0 - SUBJECT ADDED ENTRY--TOPICAL TERM
Topical term or geographic name as entry element Judicial review of administrative acts
Geographic subdivision Great Britain.
700 1# - ADDED ENTRY--PERSONAL NAME
Personal name Woolf, Harry,
700 1# - ADDED ENTRY--PERSONAL NAME
Personal name Jowell, Jeffrey L.
700 1# - ADDED ENTRY--PERSONAL NAME
Personal name Le Sueur, A. P.
Fuller form of name (Andrew P.)
700 1# - ADDED ENTRY--PERSONAL NAME
Personal name De Smith, S. A.
Fuller form of name (Stanley A.)
Title of a work Judicial review of administrative action.
906 ## - LOCAL DATA ELEMENT F, LDF (RLIN)
a 7
b cbc
c origres
d 2
e ncip
f 20
g y-gencatlg
942 ## - ADDED ENTRY ELEMENTS (KOHA)
Source of classification or shelving scheme
Koha item type Book
Holdings
Withdrawn status Lost status Source of classification or shelving scheme Damaged status Not for loan Home library Current library Date acquired Source of acquisition Total Checkouts Full call number Barcode Date last seen Date checked out Copy number Price effective from Koha item type
          Riara University Library Riara University Library 21/10/2011 Purchase 1 KD4902.D47 2007 552/11 08/12/2016 07/12/2016 C.1 21/10/2011 Book
          Riara University Library Riara University Library 21/10/2011 Purchase   KD4902.D47 2007 554/11 21/10/2011   C.2 21/10/2011 Book
          Riara University Library Riara University Library 21/10/2011 Purchase 1 KD4902.D47 2007 556/11 03/11/2014 03/11/2014 C.3 21/10/2011 Book

Riara University Library,
P.O. Box 49940-00100,
Nairobi, Kenya.